MARC details
| 000 -LEADER |
| fixed length control field |
01731cam a22004334a 4500 |
| 001 - CONTROL NUMBER |
| control field |
13504392 |
| 003 - CONTROL NUMBER IDENTIFIER |
| control field |
OSt |
| 005 - DATE AND TIME OF LATEST TRANSACTION |
| control field |
20251014083318.0 |
| 008 - FIXED-LENGTH DATA ELEMENTS--GENERAL INFORMATION |
| fixed length control field |
040227s2004 mdu b 001 0 eng |
| 010 ## - LIBRARY OF CONGRESS CONTROL NUMBER |
| LC control number |
2004004796 |
| 020 ## - INTERNATIONAL STANDARD BOOK NUMBER |
| International Standard Book Number |
0739105507 |
| Qualifying information |
cloth : alk. paper |
| 020 ## - INTERNATIONAL STANDARD BOOK NUMBER |
| International Standard Book Number |
0739107399 |
| Qualifying information |
pbk : alk. paper |
| 020 ## - INTERNATIONAL STANDARD BOOK NUMBER |
| International Standard Book Number |
9780739105504 |
| Qualifying information |
(cloth : alk. paper) |
| 020 ## - INTERNATIONAL STANDARD BOOK NUMBER |
| International Standard Book Number |
9780739107393 |
| Qualifying information |
(pbk : alk. paper) |
| 035 ## - SYSTEM CONTROL NUMBER |
| System control number |
13504392 |
| 040 ## - CATALOGING SOURCE |
| Original cataloging agency |
DLC |
| Transcribing agency |
DLC |
| Modifying agency |
DLC |
| 042 ## - AUTHENTICATION CODE |
| Authentication code |
pcc |
| 050 00 - LIBRARY OF CONGRESS CALL NUMBER |
| Classification number |
HM1126 |
| Item number |
.C64 2004b |
| 082 00 - DEWEY DECIMAL CLASSIFICATION NUMBER |
| Classification number |
303.6/9 |
| Edition number |
22 |
| 245 00 - TITLE STATEMENT |
| Title |
Conflict prevention from rhetoric to reality. |
| Number of part/section of a work |
Volume 2, |
| Name of part/section of a work |
Opportunities and innovations / |
| Statement of responsibility, etc. |
edited by David Carment and Albrecht Schnabel. |
| 246 30 - VARYING FORM OF TITLE |
| Title proper/short title |
Opportunities and innovations |
| 260 ## - PUBLICATION, DISTRIBUTION, ETC. |
| Place of publication, distribution, etc. |
Lanham, Md. : |
| Name of publisher, distributor, etc. |
Lexington Books, |
| Date of publication, distribution, etc. |
c2004. |
| 300 ## - PHYSICAL DESCRIPTION |
| Extent |
xiv, 444 p. ; |
| Dimensions |
24 cm. |
| 336 ## - CONTENT TYPE |
| Content type term |
text |
| Content type code |
txt |
| Source |
rdacontent |
| 337 ## - MEDIA TYPE |
| Media type term |
unmediated |
| Media type code |
n |
| Source |
rdamedia |
| 338 ## - CARRIER TYPE |
| Carrier type term |
volume |
| Carrier type code |
nc |
| Source |
rdacarrier |
| 504 ## - BIBLIOGRAPHY, ETC. NOTE |
| Bibliography, etc. note |
Includes bibliographical references (p. 415-421) and index. |
| 505 0# - FORMATTED CONTENTS NOTE |
| Formatted contents note |
Introduction -- Analytical requirements -- Response strategies and capacity building -- The frontiers of applied conflict prevention. |
| 650 #0 - SUBJECT ADDED ENTRY--TOPICAL TERM |
| Topical term or geographic name entry element |
Conflict management. |
| 650 #0 - SUBJECT ADDED ENTRY--TOPICAL TERM |
| Topical term or geographic name entry element |
Conflict management |
| General subdivision |
Methodology. |
| 650 #0 - SUBJECT ADDED ENTRY--TOPICAL TERM |
| Topical term or geographic name entry element |
Pacific settlement of international disputes. |
| 700 1# - ADDED ENTRY--PERSONAL NAME |
| Personal name |
Carment, David, |
| Dates associated with a name |
1959- |
| 700 1# - ADDED ENTRY--PERSONAL NAME |
| Personal name |
Schnabel, Albrecht. |
| 830 #0 - SERIES ADDED ENTRY--UNIFORM TITLE |
| Uniform title |
Conflict prevention from rhetoric to reality ; |
| Volume/sequential designation |
v. 2. |
| 906 ## - LOCAL DATA ELEMENT F, LDF (RLIN) |
| a |
7 |
| b |
cbc |
| c |
orignew |
| d |
1 |
| e |
ecip |
| f |
20 |
| g |
y-gencatlg |
| 942 ## - ADDED ENTRY ELEMENTS (KOHA) |
| Source of classification or shelving scheme |
Library of Congress Classification |
| Koha item type |
Normal Collection |